Catholic University of Zimbabwe Library
Online Public Access Catalogue
(OPAC)

Biological physics (Record no. 10412)

MARC details
000 -LEADER
fixed length control field 00241 a2200097 4500
005 - DATE AND TIME OF LATEST TRANSACTION
control field 20191017173541.0
084 ## - OTHER CLASSIFICATION NUMBER
Classification number QH505 .B4665 1993
100 ## - MAIN ENTRY--PERSONAL NAME
Personal name D.S White
245 ## - TITLE STATEMENT
Title Biological physics
Medium print
260 ## - PUBLICATION, DISTRIBUTION, ETC.
Place of publication, distribution, etc. nyu
Name of publisher, distributor, etc. American Institute of Physics
Date of publication, distribution, etc. c1974
650 ## - SUBJECT ADDED ENTRY--TOPICAL TERM
Topical term or geographic name entry element BIOLOGY

No items available.

OPENING HOURS

Weekdays: 0815hrs - 1800hrs
Weekends:0900hrs - 1200hrs

Closed for Mass:

Mon, Thur: 1200hrs - 1300hrs
Sunday & Public Holiday’s

CALL SUPPORT

0242-570570, 0242-570169
09200664, +263 8644140602

LOCATION

18443, Cranborne Avenue, Hatfield, Harare

Other Links


©2021 | CUZ Library